[Event "17.Seefeld Open 2006"]
[Site "Seefeld/AUT (23.9.-1.10)"]
[Date "2006.09.23"]
[Round "1"]
[White "Brett, Digby"]
[Black "Schwammberger, Eugen"]
[Result "0-1"]
[WhiteElo "1855"]
[BlackElo "2085"]
[PlyCount "66"]
[EventDate "2006.09.??"]
[EventType "swiss"]
[EventRounds "9"]
[EventCountry "AUT"]

1. e4 c5 2. Nf3 d6 3. d4 cxd4 4. Nxd4 Nf6 5. Nc3 e5 6. Ndb5 a6 7. Na3 b5 8. Nd5
Be6 9. Bg5 Nbd7 10. f3 h6 11. Nxf6+ Nxf6 12. Bh4 Be7 13. Bg3 Nh5 14. Bf2 Nf4
15. c3 Qc7 16. g3 Ng6 17. Qc2 Rc8 18. Bd3 O-O 19. h4 Rfd8 20. O-O Nf8 21. Be3
d5 22. exd5 Bxd5 23. Qf2 Bxa3 24. Bb6 Bc5 25. Bxc5 Qxc5 26. Qxc5 Rxc5 27. Rfd1
Rcc8 28. Kf2 Ne6 29. Be2 Bc6 30. b3 Kf8 31. Rac1 Ke7 32. Bf1 Rxd1 33. Rxd1 Rd8
0-1

[Event "17.Seefeld Open 2006"]
[Site "Seefeld/AUT (23.9.-1.10)"]
[Date "2006.09.23"]
[Round "1"]
[White "Oettinger, Hagen"]
[Black "Duric, Rajko"]
[Result "1-0"]
[WhiteElo "2083"]
[BlackElo "1848"]
[PlyCount "57"]
[EventDate "2006.09.??"]
[EventType "swiss"]
[EventRounds "9"]
[EventCountry "AUT"]

1. d4 d6 2. e4 Nf6 3. Nc3 c6 4. f4 e6 5. Nf3 Be7 6. Bd3 b6 7. Qe2 a5 8. e5 Nd5
9. Nxd5 cxd5 10. O-O Ba6 11. Bb5+ Bxb5 12. Qxb5+ Nd7 13. f5 Qc8 14. exd6 Bxd6
15. fxe6 fxe6 16. Ng5 Qc4 17. Qxc4 dxc4 18. Nf7 Ke7 19. Nxh8 Rxh8 20. Bg5+ Nf6
21. Rae1 h6 22. Bf4 Nd5 23. Bxd6+ Kxd6 24. Rf7 Rg8 25. c3 Nf6 26. h3 h5 27. Re5
Nd5 28. Rxh5 g5 29. Rhh7 1-0

[Event "17.Seefeld Open 2006"]
[Site "Seefeld/AUT (23.9.-1.10)"]
[Date "2006.09.23"]
[Round "1"]
[White "Gestrich, Wolfgang"]
[Black "Becking, Franz-Josef"]
[Result "0-1"]
[WhiteElo "1756"]
[BlackElo "2076"]
[PlyCount "152"]
[EventDate "2006.09.??"]
[EventType "swiss"]
[EventRounds "9"]
[EventCountry "AUT"]

1. c4 e6 2. Nc3 d5 3. cxd5 exd5 4. d4 c6 5. g3 Bf5 6. Bg2 Nf6 7. h3 Bd6 8. e3
Nbd7 9. Nge2 Qe7 10. g4 Bg6 11. f4 Be4 12. O-O Bxg2 13. Kxg2 O-O-O 14. Ng3 g6
15. g5 Ne8 16. Qf3 f5 17. a3 h6 18. h4 hxg5 19. hxg5 Ng7 20. Rh1 Rxh1 21. Nxh1
Rh8 22. Bd2 Nb6 23. Rf1 Nc4 24. Bc1 Ne6 25. Ng3 Rh4 26. Nce2 Qh7 27. Rh1 Bc7
28. Rxh4 Qxh4 29. Qf2 Nd6 30. Nf1 Qg4+ 31. Nfg3 a5 32. Qf3 Qh4 33. b3 Ne4 34.
Qf1 Nxg3 35. Nxg3 Nxg5 36. Qh1 Qxh1+ 37. Nxh1 Ne4 38. Nf2 Nxf2 39. Kxf2 b5 40.
Bd2 Kd7 41. Kg2 Ke6 42. Kh3 Kf6 43. Be1 g5 44. fxg5+ Kxg5 45. Bh4+ Kh5 46. Bg3
Bd8 47. Bf4 Be7 48. a4 Bb4 49. Kg3 Be1+ 50. Kf3 Kg6 51. Bc7 Kf6 52. Kf4 Ke6 53.
Bb8 Bd2 54. Kf3 Bb4 55. Bf4 bxa4 56. bxa4 c5 57. dxc5 Bxc5 58. Ke2 Kd7 59. Bg5
Be7 60. Bf4 Kc6 61. Kd3 Kc5 62. Kc3 Bf6+ 63. Kb3 Bh4 64. Be5 Be1 65. Bd4+ Kd6
66. Bb6 Kc6 67. Bd8 Bd2 68. Bg5 d4 69. e4 Bxg5 70. exf5 Kc5 71. Kc2 Kc4 72. Kb2
Kb4 73. Kc2 Kxa4 74. Kd3 Bf6 75. Kc4 Ka3 76. Kb5 d3 0-1

[Event "17.Seefeld Open 2006"]
[Site "Seefeld/AUT (23.9.-1.10)"]
[Date "2006.09.23"]
[Round "1"]
[White "Schumacher, Helmut"]
[Black "Andreini, Gigliolu"]
[Result "1-0"]
[WhiteElo "2076"]
[BlackElo "1660"]
[PlyCount "73"]
[EventDate "2006.09.??"]
[EventType "swiss"]
[EventRounds "9"]
[EventCountry "AUT"]

1. d4 e6 2. e4 d5 3. Nc3 Nf6 4. Bg5 Bb4 5. e5 h6 6. exf6 hxg5 7. fxg7 Rg8 8. h4
gxh4 9. Qg4 Qf6 10. Rxh4 Qxg7 11. Qxg7 Rxg7 12. Rh8+ Bf8 13. O-O-O b6 14. f4
Ba6 15. Nxd5 Kd7 16. Nxc7 Kxc7 17. Rxf8 Bxf1 18. Rxf1 Kb7 19. Nf3 Nd7 20. Rxa8
Kxa8 21. Ng5 Nf6 22. c4 Kb7 23. Kc2 Kc6 24. Kd3 Kd6 25. Rf2 Ng4 26. Re2 Nf6 27.
b4 Nd7 28. a4 a6 29. g3 Nf8 30. Re3 Nd7 31. a5 bxa5 32. bxa5 Nb8 33. Ne4+ Kc7
34. d5 exd5 35. cxd5 f5 36. Nc5 Kd6 37. Kd4 1-0

[Event "17.Seefeld Open 2006"]
[Site "Seefeld/AUT (23.9.-1.10)"]
[Date "2006.09.23"]
[Round "1"]
[White "Babinetz, Rainer"]
[Black "Schueler, Wolfgang"]
[Result "1-0"]
[WhiteElo "1946"]
[BlackElo "2073"]
[PlyCount "105"]
[EventDate "2006.09.??"]
[EventType "swiss"]
[EventRounds "9"]
[EventCountry "AUT"]

1. d4 d5 2. c4 c6 3. Nc3 Nf6 4. Nf3 Bf5 5. Qb3 Qb6 6. cxd5 Qxb3 7. axb3 cxd5 8.
e3 a6 9. Nb5 Kd8 10. Ne5 Be6 11. Bd2 Nfd7 12. f4 f6 13. f5 Bg8 14. Nxd7 Nxd7
15. Be2 e5 16. fxe6 Bxe6 17. Bf3 f5 18. O-O Rc8 19. Nc3 Nf6 20. Ne2 Bd6 21. Nf4
Bxf4 22. exf4 Ne4 23. Bxe4 dxe4 24. Ra5 Rf8 25. Bb4 Rf7 26. d5 Bd7 27. Re1 Bb5
28. g4 g6 29. Raa1 Rc2 30. Bc3 Rd7 31. gxf5 gxf5 32. Rad1 Bd3 33. Ba5+ Kc8 34.
Rxd3 b6 35. Rc3+ Rxc3 36. Bxc3 Rxd5 37. Kf2 Kb7 38. Rg1 Kc6 39. Rg7 Rd3 40. Rg3
Rd7 41. Rg5 Rf7 42. h4 Kc5 43. h5 b5 44. b4+ Kc4 45. h6 Kd3 46. Rg7 Rf8 47.
Rd7+ Kc4 48. Rxh7 Rd8 49. Rg7 Rd3 50. Rg3 Rd6 51. h7 Rh6 52. h8=Q Rxh8 53. Bxh8
1-0

[Event "17.Seefeld Open 2006"]
[Site "Seefeld/AUT (23.9.-1.10)"]
[Date "2006.09.23"]
[Round "1"]
[White "Pieper, Harald"]
[Black "Maurer, Rainer"]
[Result "0-1"]
[WhiteElo "2067"]
[BlackElo "1916"]
[PlyCount "72"]
[EventDate "2006.09.??"]
[EventType "swiss"]
[EventRounds "9"]
[EventCountry "AUT"]

1. d4 d5 2. e3 Nf6 3. Bd3 Nbd7 4. f4 Ne4 5. Nd2 Ndf6 6. Ngf3 e6 7. O-O Be7 8.
Ne5 O-O 9. Rf3 Nxd2 10. Bxd2 Ne4 11. Rh3 f6 12. Ng4 e5 13. Be1 exf4 14. exf4
Qe8 15. Re3 Bd6 16. g3 Qg6 17. Nf2 Bxf4 18. Bxe4 dxe4 19. Rxe4 Bd6 20. Re3 Bf5
21. Nd3 Rae8 22. Rxe8 Rxe8 23. Bf2 h5 24. Qd2 h4 25. Re1 Rxe1+ 26. Qxe1 hxg3
27. Bxg3 Bxg3 28. Qxg3 Qxg3+ 29. hxg3 Bxd3 30. cxd3 Kf7 31. Kf2 Ke6 32. Ke3 Kd5
33. a3 g6 34. g4 f5 35. gxf5 gxf5 36. a4 a5 0-1

[Event "17.Seefeld Open 2006"]
[Site "Seefeld/AUT (23.9.-1.10)"]
[Date "2006.09.23"]
[Round "1"]
[White "Noettger, Eckard"]
[Black "Hofer, Franz"]
[Result "1/2-1/2"]
[WhiteElo "1783"]
[BlackElo "2064"]
[PlyCount "96"]
[EventDate "2006.09.??"]
[EventType "swiss"]
[EventRounds "9"]
[EventCountry "AUT"]

1. d4 e6 2. Nf3 f5 3. c4 Nf6 4. Nc3 Be7 5. g3 O-O 6. Bg2 d6 7. O-O a5 8. Qc2
Nc6 9. a3 d5 10. cxd5 exd5 11. Bf4 Bd6 12. Bxd6 Qxd6 13. e3 Ne4 14. Qb3 Nxc3
15. bxc3 a4 16. Qa2 Na5 17. Nd2 Be6 18. Rfb1 c6 19. Rb6 Ra7 20. Rab1 Rfa8 21.
Bf1 Nb3 22. Nxb3 axb3 23. Qxb3 Rxa3 24. Qb4 Qxb4 25. R1xb4 Bc8 26. c4 dxc4 27.
Bxc4+ Kf8 28. d5 c5 29. R4b5 R8a5 30. d6 Ra1+ 31. Kg2 Rxb5 32. Rxb5 Rd1 33.
Rxc5 Bd7 34. Bb5 Be6 35. d7 Ke7 36. Kf3 Rd2 37. Kg2 Rd5 38. Rxd5 Bxd5+ 39. Kf1
Bc6 40. d8=Q+ Kxd8 41. Bxc6 bxc6 42. Ke2 Ke7 43. Kd3 Kd6 44. h3 Kd5 45. f3 g6
46. Kc3 g5 47. g4 fxg4 48. hxg4 Kc5 1/2-1/2

[Event "17.Seefeld Open 2006"]
[Site "Seefeld/AUT (23.9.-1.10)"]
[Date "2006.09.23"]
[Round "1"]
[White "Schmidt, Wolfgang"]
[Black "Stojanovic, Milorad"]
[Result "1-0"]
[WhiteElo "2061"]
[BlackElo "1690"]
[PlyCount "157"]
[EventDate "2006.09.??"]
[EventType "swiss"]
[EventRounds "9"]
[EventCountry "AUT"]

1. e4 c6 2. d4 e6 3. Nf3 Nf6 4. e5 Nd5 5. c4 Bb4+ 6. Bd2 Bxd2+ 7. Qxd2 Ne7 8.
Nc3 b6 9. Be2 Bb7 10. O-O d5 11. exd6 Qxd6 12. Rad1 O-O 13. Ne4 Qd8 14. Bd3 Nd7
15. Rfe1 Ng6 16. Nd6 Ba6 17. Ng5 Qe7 18. Ndxf7 Rxf7 19. Rxe6 Qf8 20. Nxf7 Qxf7
21. Rde1 Nf6 22. h3 Rf8 23. b3 Nh5 24. Bxg6 hxg6 25. Re7 Qf6 26. Rxa7 Bc8 27.
Ree7 Kh8 28. Qe3 c5 29. dxc5 bxc5 30. Qxc5 Nf4 31. Qe5 Nxh3+ 32. Kh2 Qxe5+ 33.
Rxe5 Nxf2 34. Ree7 Rg8 35. c5 Ng4+ 36. Kg3 Nf6 37. c6 Rd8 38. c7 Rf8 39. Re5
Nh5+ 40. Kh2 Bd7 41. Rb7 Nf6 42. Ra5 Kh7 43. Rb8 Ng4+ 44. Kg3 Rf1 45. c8=Q Bxc8
46. Rxc8 Ne3 47. Raa8 Kh6 48. Rf8 Nf5+ 49. Kh2 Kg5 50. b4 Rb1 51. a3 Rb2 52.
Ra5 Kg4 53. Raxf5 gxf5 54. Rc8 Rb3 55. Rc4+ f4 56. a4 g5 57. a5 Kf5 58. Rc5+
Ke4 59. a6 Rxb4 60. Ra5 Rb8 61. Rxg5 Ra8 62. Ra5 Ke3 63. Kg1 Ke2 64. Re5+ Kd3
65. Re6 Kd4 66. Kf2 Kd5 67. Rh6 Ke4 68. Rb6 Ra7 69. Rb4+ Ke5 70. Ra4 Kf5 71.
Kf3 Kg5 72. Ra5+ Kh4 73. Kxf4 Rf7+ 74. Ke5 Rg7 75. Ra2 Ra7 76. Kd6 Kg5 77. Kc6
Kf5 78. Kb6 Re7 79. a7 1-0

[Event "17.Seefeld Open 2006"]
[Site "Seefeld/AUT (23.9.-1.10)"]
[Date "2006.09.23"]
[Round "1"]
[White "Sickinger, Wolfgang"]
[Black "Platzgummer, Fabian"]
[Result "0-1"]
[WhiteElo "1644"]
[BlackElo "2044"]
[PlyCount "82"]
[EventDate "2006.09.??"]
[EventType "swiss"]
[EventRounds "9"]
[EventCountry "AUT"]

1. d4 Nf6 2. c4 e6 3. Nc3 Bb4 4. f3 d5 5. a3 Bxc3+ 6. bxc3 O-O 7. cxd5 exd5 8.
e3 Bf5 9. Bd3 Bxd3 10. Qxd3 Nbd7 11. Ne2 Re8 12. O-O c5 13. Ng3 Rc8 14. Re1 Rc6
15. Bb2 Rb6 16. Re2 c4 17. Qc2 Rb3 18. e4 Nb6 19. e5 Nfd7 20. Rf1 Na4 21. Qc1
Qb6 22. Ba1 Qg6 23. f4 f5 24. Re3 Qe6 25. Qc2 g6 26. Rb1 Rxb1+ 27. Qxb1 Qb6 28.
Qb4 Qxb4 29. axb4 Nf8 30. Re2 Ne6 31. b5 Nb6 32. Ra2 Ra8 33. Bb2 Nc7 34. Ra5
Nc8 35. Ba3 b6 36. Ra6 Nxb5 37. Bb4 Nc7 38. Ra1 a5 39. Ba3 Nb5 40. e6 Nxa3 41.
Rxa3 Kf8 0-1

[Event "17.Seefeld Open 2006"]
[Site "Seefeld/AUT (23.9.-1.10)"]
[Date "2006.09.23"]
[Round "1"]
[White "Kircher, Werner"]
[Black "Abraham, Helmut"]
[Result "1-0"]
[WhiteElo "2030"]
[BlackElo "1461"]
[PlyCount "57"]
[EventDate "2006.09.??"]
[EventType "swiss"]
[EventRounds "9"]
[EventCountry "AUT"]

1. c4 Nf6 2. d4 g6 3. Nc3 d5 4. cxd5 Nxd5 5. e4 Nxc3 6. bxc3 Bg7 7. Nf3 c5 8.
Rb1 cxd4 9. cxd4 O-O 10. Be2 Bg4 11. Be3 b6 12. O-O Nc6 13. d5 Bxf3 14. Bxf3
Ne5 15. Be2 Rc8 16. Qa4 Qd7 17. Bb5 Qd6 18. h3 e6 19. f4 Nd7 20. Bxd7 Rc3 21.
Rbe1 exd5 22. e5 Qe7 23. Bf2 Rd8 24. e6 f6 25. Qxa7 Ra3 26. Qxb6 Bf8 27. Rc1
Rxa2 28. Bc5 Qg7 29. Qxd8 1-0

[Event "17.Seefeld Open 2006"]
[Site "Seefeld/AUT (23.9.-1.10)"]
[Date "2006.09.23"]
[Round "1"]
[White "Disselberger, Alfons"]
[Black "Fischer, Gerd"]
[Result "0-1"]
[WhiteElo "1289"]
[BlackElo "2026"]
[PlyCount "72"]
[EventDate "2006.09.??"]
[EventType "swiss"]
[EventRounds "9"]
[EventCountry "AUT"]

1. e4 e6 2. d4 d5 3. Nc3 Nf6 4. e5 Nfd7 5. Nf3 c5 6. Be3 Nc6 7. Bb5 cxd4 8.
Bxd4 a6 9. Ba4 b5 10. Bb3 Nc5 11. O-O Be7 12. a4 b4 13. Ne2 Rb8 14. Bxc5 Bxc5
15. Nf4 Na5 16. Nd3 Ba7 17. Qd2 Qe7 18. Qg5 Qxg5 19. Nxg5 O-O 20. Nf3 Bd7 21.
Rad1 Rfc8 22. Nc1 Nc4 23. Bxc4 Rxc4 24. b3 Rxc2 25. Nd4 Bxd4 26. Rxd4 a5 27. f4
Rbc8 28. Rdd1 Rb2 29. Rf2 Rb1 30. Rff1 Rc2 31. Kh1 Rbb2 32. Rg1 g6 33. Rde1 Bc6
34. Nd3 Rxb3 35. Rc1 Rxc1 36. Nxc1 Rb1 0-1

[Event "17.Seefeld Open 2006"]
[Site "Seefeld/AUT (23.9.-1.10)"]
[Date "2006.09.23"]
[Round "1"]
[White "Stock, Juergen"]
[Black "Laux, Dieter"]
[Result "1-0"]
[WhiteElo "2026"]
[BlackElo "1228"]
[PlyCount "143"]
[EventDate "2006.09.??"]
[EventType "swiss"]
[EventRounds "9"]
[EventCountry "AUT"]

1. d4 d5 2. c3 e6 3. f4 Bd6 4. Nf3 Nf6 5. e3 Ne4 6. Nbd2 f5 7. Be2 Nd7 8. O-O
Ndf6 9. Ne5 Bxe5 10. fxe5 Nxd2 11. Bxd2 Ne4 12. Bf3 Nxd2 13. Qxd2 Qg5 14. Rae1
Bd7 15. Qc2 b5 16. b3 Rc8 17. Bd1 O-O 18. Rf3 Qh4 19. Ref1 c6 20. Rh3 Qe7 21.
g4 g6 22. gxf5 Rxf5 23. Rxf5 gxf5 24. Kh1 Be8 25. b4 Bg6 26. Qg2 Qg7 27. Rg3
Qh6 28. Rg5 Kf7 29. Qg3 Rg8 30. h4 Kf8 31. Qf4 Kg7 32. Kg2 Kh8 33. h5 Kg7 34.
hxg6 hxg6 35. Bh5 Kh7 36. Bf3 Kg7 37. Qg3 Rh8 38. Kf2 Kf7 39. Qf4 Qh2+ 40. Qxh2
Rxh2+ 41. Bg2 Rh8 42. Kf3 a5 43. a3 Ra8 44. Ke2 Rh8 45. Rg3 a4 46. Kf3 Rh4 47.
Rg5 Kg7 48. Kg3 Rh6 49. Bf3 Kh7 50. Kg2 Rh4 51. Kg3 Rh6 52. Bg2 Kg7 53. Bh3 Kf7
54. Kg2 Rh4 55. Rg3 Rh6 56. Rf3 Kg7 57. Rf1 Rh4 58. Kg3 Rh8 59. Bg2 g5 60. Bh3
Rf8 61. Rf2 Rf7 62. Bf1 Kg6 63. Bh3 Rf8 64. Bg4 Rf7 65. Be2 Rh7 66. Bf3 Rf7 67.
Rh2 g4 68. Bg2 Kg5 69. Rh8 f4+ 70. exf4+ Rxf4 71. Rg8+ Kf5 72. Rf8+ 1-0

[Event "17.Seefeld Open 2006"]
[Site "Seefeld/AUT (23.9.-1.10)"]
[Date "2006.09.24"]
[Round "2"]
[White "Jandke, Manfred"]
[Black "Teske, Henrik"]
[Result "0-1"]
[WhiteElo "2156"]
[BlackElo "2486"]
[PlyCount "58"]
[EventDate "2006.09.??"]
[EventType "swiss"]
[EventRounds "9"]
[EventCountry "AUT"]

1. Nf3 d5 2. d4 Nf6 3. c4 dxc4 4. Qa4+ Nbd7 5. Bf4 e6 6. Qxc4 Bd6 7. Bxd6 cxd6
8. Nc3 O-O 9. e3 Qe7 10. Be2 Nb6 11. Qb3 Bd7 12. O-O Rfc8 13. Rfc1 Rc7 14. Qa3
Bc6 15. b3 a6 16. Nd2 Rac8 17. e4 Kf8 18. Qa5 Bxe4 19. Qxb6 Rxc3 20. Rxc3 Rxc3
21. Nc4 d5 22. Na5 Rc2 23. Bd1 Rc7 24. f3 Bd3 25. Kf2 Ne8 26. Ke3 Bb5 27. a4
Qg5+ 28. Kf2 Qd2+ 29. Kg3 Bf1 0-1

[Event "17.Seefeld Open 2006"]
[Site "Seefeld/AUT (23.9.-1.10)"]
[Date "2006.09.24"]
[Round "2"]
[White "Van der Weide, Karel"]
[Black "Gruber, Michael"]
[Result "1-0"]
[WhiteElo "2443"]
[BlackElo "2138"]
[PlyCount "93"]
[EventDate "2006.09.??"]
[EventType "swiss"]
[EventRounds "9"]
[EventCountry "AUT"]

1. e4 c5 2. Nf3 d6 3. d4 cxd4 4. Nxd4 Nf6 5. Nc3 a6 6. Be3 e5 7. Nb3 Be6 8. Qd2
Nbd7 9. f3 Rc8 10. O-O-O b5 11. Kb1 Nb6 12. Qf2 Nc4 13. Bxc4 Rxc4 14. g4 Be7
15. h4 Nd7 16. Nd5 Bxd5 17. Rxd5 Qc7 18. g5 O-O 19. c3 Rb8 20. h5 Nb6 21. Rd3
Na4 22. g6 b4 23. cxb4 Rbxb4 24. gxf7+ Kf8 25. Rc1 Rxc1+ 26. Bxc1 Rc4 27. Rd1
Kxf7 28. Qd2 Nb6 29. Qd3 Nd7 30. h6 g6 31. Be3 Nf6 32. Nd2 Rc6 33. Bg5 Rc5 34.
Nb3 Rc6 35. Nc1 Qa5 36. Ne2 Qb5 37. Qxb5 axb5 38. Be3 Ke6 39. Nc3 b4 40. Nd5
Rc8 41. Nxb4 Nd7 42. Nd5 Nc5 43. b4 Na6 44. Kb2 Rf8 45. Rf1 Bd8 46. Kb3 g5 47.
Rf2 1-0

[Event "17.Seefeld Open 2006"]
[Site "Seefeld/AUT (23.9.-1.10)"]
[Date "2006.09.24"]
[Round "2"]
[White "Voss, Ingo"]
[Black "Bronznik, Valeri"]
[Result "0-1"]
[WhiteElo "2149"]
[BlackElo "2383"]
[PlyCount "48"]
[EventDate "2006.09.??"]
[EventType "swiss"]
[EventRounds "9"]
[EventCountry "AUT"]

1. e4 c5 2. Nf3 Nc6 3. b3 a6 4. Bb2 e6 5. d4 cxd4 6. Nxd4 Qf6 7. c3 Bc5 8. Be2
e5 9. Nf3 Qg6 10. O-O Qxe4 11. Re1 Qg6 12. b4 Bb6 13. b5 axb5 14. Bxb5 d6 15.
Nbd2 Nge7 16. Ne4 Bc7 17. c4 O-O 18. c5 dxc5 19. Nxc5 Bg4 20. Qb3 Qh5 21. h3
Bxf3 22. Qxf3 Qxf3 23. gxf3 Rfd8 24. Nxb7 Rd2 {
Rest der Notationen unbrauchbar !} 0-1

[Event "17.Seefeld Open 2006"]
[Site "Seefeld/AUT (23.9.-1.10)"]
[Date "2006.09.24"]
[Round "2"]
[White "Rausch, Stephan"]
[Black "Mertens, Klaus"]
[Result "1-0"]
[WhiteElo "2343"]
[BlackElo "2100"]
[PlyCount "115"]
[EventDate "2006.09.??"]
[EventType "swiss"]
[EventRounds "9"]
[EventCountry "AUT"]

1. d4 Nf6 2. Nf3 b6 3. g3 Bb7 4. Bg2 g6 5. O-O Bg7 6. Re1 O-O 7. c3 d6 8. Nbd2
Nbd7 9. a4 c5 10. e3 Qc7 11. a5 b5 12. a6 Bc6 13. e4 e6 14. Qc2 Nb6 15. dxc5
dxc5 16. Nb3 Na4 17. Bf4 Qb6 18. Ne5 Be8 19. Be3 Qc7 20. f4 Rc8 21. Nd2 Nd7 22.
Nxd7 Bxd7 23. e5 Bc6 24. Ne4 Bxe4 25. Bxe4 Nb6 26. Bb7 Rb8 27. Qf2 c4 28. Bxb6
axb6 29. a7 Rxb7 30. a8=Q Rxa8 31. Rxa8+ Bf8 32. Rd1 Rb8 33. Rxb8 Qxb8 34. Qf3
Bc5+ 35. Kg2 Kg7 36. Rd7 b4 37. Qc6 Qe8 38. cxb4 Bxb4 39. Rc7 Qxc6+ 40. Rxc6
Bc5 41. Kf3 Bd4 42. Rxc4 Bxb2 43. Rb4 Bc3 44. Rxb6 Bd4 45. Rb7 h5 46. h3 Bc3
47. g4 hxg4+ 48. hxg4 Kg8 49. Ke4 Bd2 50. Rd7 Bc3 51. Rd3 Bb2 52. f5 gxf5+ 53.
gxf5 exf5+ 54. Kxf5 Kg7 55. Rd7 Kg8 56. Kf6 Bc3 57. Rd8+ Kh7 58. Rf8 1-0

[Event "17.Seefeld Open 2006"]
[Site "Seefeld/AUT (23.9.-1.10)"]
[Date "2006.09.24"]
[Round "2"]
[White "Koller, Hubert"]
[Black "Dittmar, Peter"]
[Result "0-1"]
[WhiteElo "2115"]
[BlackElo "2334"]
[PlyCount "92"]
[EventDate "2006.09.??"]
[EventType "swiss"]
[EventRounds "9"]
[EventCountry "AUT"]

1. e3 d5 2. d4 Nf6 3. Bd3 Bg4 4. f3 Bh5 5. Ne2 Bg6 6. O-O e6 7. c3 c5 8. Nf4
Nc6 9. Nxg6 hxg6 10. f4 Bd6 11. Nd2 g5 12. g3 gxf4 13. gxf4 g5 14. dxc5 Bxc5
15. Nb3 Bd6 16. Nd4 gxf4 17. exf4 Nxd4 18. cxd4 Ke7 19. Rf2 Qb6 20. Qb3 Rag8+
21. Kf1 Ng4 22. Qxb6 axb6 23. Rg2 Nxh2+ 24. Kf2 Ng4+ 25. Ke2 Nf6 26. Rxg8 Rxg8
27. Kf3 Rh8 28. Kg2 Ne4 29. Be3 Rg8+ 30. Kf3 Rg3+ 31. Ke2 Nf6 32. Rh1 Ng4 33.
Bc1 Rxd3 34. Rg1 Rxd4 35. Rxg4 e5 36. Be3 Rb4 37. b3 exf4 38. Bd2 Re4+ 39. Kf3
Rd4 40. Be1 Rd3+ 41. Ke2 Re3+ 42. Kd1 Re4 43. Rg8 f3 44. Rh8 Bc5 45. Rh1 f2 46.
Bd2 Rg4 0-1

[Event "17.Seefeld Open 2006"]
[Site "Seefeld/AUT (23.9.-1.10)"]
[Date "2006.09.24"]
[Round "2"]
[White "Schwammberger, Eugen"]
[Black "Weinzettl, Ernst"]
[Result "0-1"]
[WhiteElo "2085"]
[BlackElo "2327"]
[PlyCount "96"]
[EventDate "2006.09.??"]
[EventType "swiss"]
[EventRounds "9"]
[EventCountry "AUT"]

1. d4 e6 2. Nf3 c5 3. g3 b6 4. Bg2 Bb7 5. O-O Nf6 6. c4 cxd4 7. Nxd4 Bxg2 8.
Kxg2 Qc8 9. Qd3 Nc6 10. Nxc6 Qxc6+ 11. Qf3 Qxf3+ 12. Kxf3 Rc8 13. b3 d5 14.
cxd5 Nxd5 15. Ba3 Be7 16. Bxe7 Kxe7 17. Na3 Rc3+ 18. Kg2 a6 19. Rfd1 b5 20. Rd2
Rhc8 21. Rad1 f5 22. Kf1 Rc1 23. Kg2 Rxd1 24. Rxd1 Nb4 25. Ra1 e5 26. Kf1 Ke6
27. Ke1 Rc2 28. Kd1 Rb2 29. Nb1 Nxa2 30. Nd2 a5 31. e3 e4 32. h4 Kd5 33. f4
exf3 34. Nxf3 Ke4 35. Nd4 g6 36. Nxb5 Kxe3 37. Nd6 Rh2 38. Nc4+ Kd3 39. Ne5+
Ke4 40. Nc4 Rh1+ 41. Kc2 Rxa1 42. Kb2 Rg1 43. Kxa2 Rxg3 44. Nxa5 f4 45. b4 f3
46. b5 f2 47. Nc4 Kd4 48. Nd2 Rd3 0-1

[Event "17.Seefeld Open 2006"]
[Site "Seefeld/AUT (23.9.-1.10)"]
[Date "2006.09.24"]
[Round "2"]
[White "Mohrlok, Dieter"]
[Black "Schumacher, Helmut"]
[Result "1-0"]
[WhiteElo "2321"]
[BlackElo "2076"]
[PlyCount "69"]
[EventDate "2006.09.??"]
[EventType "swiss"]
[EventRounds "9"]
[EventCountry "AUT"]

1. d4 d5 2. Nc3 Nf6 3. Bg5 Bf5 4. Bxf6 gxf6 5. e3 h5 6. Bd3 Bxd3 7. cxd3 c6 8.
Nf3 Nd7 9. O-O h4 10. h3 Bg7 11. e4 e6 12. b4 Qc7 13. Rc1 Qf4 14. b5 O-O 15.
bxc6 bxc6 16. Ne2 Qd6 17. Nxh4 Rfc8 18. Ng3 Bh6 19. Rc2 Kh7 20. Qh5 Qf8 21. Rb1
Rab8 22. Rxb8 Rxb8 23. Rxc6 dxe4 24. dxe4 Rb4 25. d5 Ne5 26. Rc7 exd5 27. f4
Rc4 28. Rxc4 Nxc4 29. Qxd5 Ne3 30. Qh5 Nc4 31. Kh2 Qg7 32. Qf5+ Kg8 33. Qc8+
Kh7 34. Qxc4 Bxf4 35. Nhf5 1-0

[Event "17.Seefeld Open 2006"]
[Site "Seefeld/AUT (23.9.-1.10)"]
[Date "2006.09.24"]
[Round "2"]
[White "Becking, Franz-Josef"]
[Black "Kesik, Klaus-Dieter"]
[Result "0-1"]
[WhiteElo "2076"]
[BlackElo "2280"]
[PlyCount "104"]
[EventDate "2006.09.??"]
[EventType "swiss"]
[EventRounds "9"]
[EventCountry "AUT"]

1. d4 Nf6 2. Nf3 g6 3. g3 Bg7 4. Bg2 O-O 5. O-O d6 6. c3 c6 7. Nbd2 Qc7 8. e4
e5 9. dxe5 dxe5 10. Qc2 h6 11. b3 Be6 12. Ba3 Rd8 13. Rad1 Nbd7 14. Rfe1 Nf8
15. Nf1 Ne8 16. Ne3 Rxd1 17. Rxd1 Rd8 18. Rxd8 Qxd8 19. Qd2 Qa5 20. Bb4 Qc7 21.
h3 a5 22. Bxf8 Kxf8 23. Ng4 h5 24. Ne3 Bh6 25. c4 f6 26. Nd5 Qg7 27. Ne3 Qd7
28. Qxd7 Bxd7 29. Nd1 Nc7 30. Nc3 Ne6 31. Ne2 Ke7 32. Kf1 Kd6 33. Ke1 Nc5 34.
Nc3 a4 35. bxa4 Nd3+ 36. Ke2 Nb2 37. Nd1 Nxa4 38. Bf1 Kc5 39. Nh4 Be8 40. Kf3
Bf7 41. g4 Bg5 42. Kg3 Bxh4+ 43. Kxh4 g5+ 44. Kg3 h4+ 45. Kf3 Bxc4 46. Bxc4
Kxc4 47. Ne3+ Kd3 48. Nf5 c5 49. Nd6 c4 50. Nxb7 c3 51. Na5 Nc5 52. Nc6 Kd2 0-1

[Event "17.Seefeld Open 2006"]
[Site "Seefeld/AUT (23.9.-1.10)"]
[Date "2006.09.24"]
[Round "2"]
[White "Kauch, Markus"]
[Black "Schmidt, Wolfgang"]
[Result "1-0"]
[WhiteElo "2244"]
[BlackElo "2061"]
[PlyCount "75"]
[EventDate "2006.09.??"]
[EventType "swiss"]
[EventRounds "9"]
[EventCountry "AUT"]

1. Nf3 Nf6 2. c4 g6 3. b4 Bg7 4. Bb2 O-O 5. g3 d6 6. Bg2 e5 7. d3 Nc6 8. b5 Ne7
9. Nbd2 c6 10. bxc6 Nxc6 11. O-O Nh5 12. Qb3 Kh8 13. Rac1 f5 14. Nb1 g5 15. c5
d5 16. Nc3 d4 17. Nb5 Qe7 18. e3 Be6 19. Qa4 dxe3 20. fxe3 f4 21. exf4 gxf4 22.
Rfe1 fxg3 23. hxg3 Nxg3 24. Nd6 Rf4 25. Qc2 Raf8 26. Nxe5 Nxe5 27. Rxe5 Qf6 28.
Rce1 Rf2 29. Rxe6 Rxc2 30. Bxf6 Bxf6 31. Re8 Rxe8 32. Rxe8+ Kg7 33. Nxb7 Rxa2
34. c6 Rc2 35. Nd6 h5 36. Re6 Bd4+ 37. Kh2 h4 38. c7 1-0

[Event "17.Seefeld Open 2006"]
[Site "Seefeld/AUT (23.9.-1.10)"]
[Date "2006.09.24"]
[Round "2"]
[White "Platzgummer, Fabian"]
[Black "Stabolewski, Andreas"]
[Result "0-1"]
[WhiteElo "2044"]
[BlackElo "2235"]
[PlyCount "74"]
[EventDate "2006.09.??"]
[EventType "swiss"]
[EventRounds "9"]
[EventCountry "AUT"]

1. e4 c5 2. Nf3 Nc6 3. d4 cxd4 4. Nxd4 Nf6 5. Nc3 d6 6. f4 e6 7. Be3 a6 8. Qf3
Qc7 9. Nb3 b5 10. Bd3 Bb7 11. O-O-O Rc8 12. Kb1 g6 13. g4 Nd7 14. Qh3 Bg7 15.
Ne2 Nb4 16. Bd2 Nxd3 17. Qxd3 O-O 18. Bc3 Nf6 19. Bxf6 Bxf6 20. Ng3 Rfd8 21. g5
Bg7 22. Rhf1 Qb6 23. f5 Be5 24. f6 a5 25. Ne2 b4 26. Qh3 h5 27. Ng3 a4 28. Nxh5
axb3 29. Nf4 bxc2+ 30. Ka1 Qd4 31. Nd3 cxd1=Q+ 32. Rxd1 Bxf6 33. e5 Bxe5 34.
Rb1 Bg7 35. Qg3 Rc2 36. Qf2 Qxd3 37. Qb6 Rf8 0-1

[Event "17.Seefeld Open 2006"]
[Site "Seefeld/AUT (23.9.-1.10)"]
[Date "2006.09.24"]
[Round "2"]
[White "Ballon, Guenther-Jan"]
[Black "Kircher, Werner"]
[Result "1-0"]
[WhiteElo "2184"]
[BlackElo "2030"]
[PlyCount "103"]
[EventDate "2006.09.??"]
[EventType "swiss"]
[EventRounds "9"]
[EventCountry "AUT"]

1. d4 Nf6 2. c4 c5 3. d5 e6 4. Nc3 exd5 5. cxd5 d6 6. e4 g6 7. f3 Bg7 8. Bg5 a6
9. a4 b6 10. Qd2 O-O 11. Nge2 h6 12. Be3 Kh7 13. Nc1 Ng8 14. Be2 f5 15. exf5
gxf5 16. O-O Ra7 17. Bd3 Qh4 18. N1e2 Be5 19. Bf4 Rg7 20. Bg3 Bxg3 21. Nxg3
Qd4+ 22. Rf2 Qh4 23. Re1 Qg5 24. Qxg5 hxg5 25. Rfe2 Kg6 26. Nf1 Kf6 27. Nd2 Re7
28. Nc4 b5 29. axb5 axb5 30. Nxb5 Na6 31. Ncxd6 Bd7 32. Nc3 Nb4 33. Bb1 Rxe2
34. Rxe2 Ne7 35. Rd2 Rb8 36. h3 Rb6 37. Nc4 Ra6 38. Kf2 Ng6 39. g4 Nf4 40. Kg3
fxg4 41. fxg4 Ra1 42. h4 Nfxd5 43. hxg5+ Kxg5 44. Nxd5 Rxb1 45. Nxb4 Rg1+ 46.
Kf2 Rxg4 47. Rd5+ Bf5 48. Rxc5 Rf4+ 49. Ke3 Re4+ 50. Kd2 Rd4+ 51. Kc3 Rh4 52.
Ne3 1-0